| 000 | 00000nam##2200000za#4500 |
| 001 | 9.680478 |
| 003 | CaOODSP |
| 005 | 20200330064043 |
| 007 | ta |
| 008 | 150407|1998||||xxc||||| f|0| 0 fre|d |
| 020 | |a0-660-95997-6 |
| 040 | |aCaOODSP|bfre |
| 043 | |an-cn--- |
| 086 | 1 |aF2-125/1998F |
| 110 | 1 |aCanada. |bMinistère des finances. |
| 245 | 10|aAvant-projet de modification du Règlement de l'impôt sur le revenu concernant l'épargne-retraite : |bavant-projet de règlement et notes explicatives / |cPublié par le ministre des Finances. |
| 260 | |aOttawa - Ontario : |bFinances Canada. |c1998. |
| 300 | |a188p. ; |c23 cm. |
| 563 | |aCouverture souple |
| 590 | |a99-25|b1999-06-25 |
| 691 | 07|aImpôt sur le revenu|2gcpds |
| 691 | 07|aAmendement|2gcpds |
| 691 | 07|aRetraite|2gcpds |
| 775 | 08|tDraft amendments to the Income Tax regulations relating to retirement savings : |w(CaOODSP)9.646994 |
| 776 | 0#|tAvant-projet de modification du Règlement de l'impôt sur le revenu concernant l'épargne-retraite : |w(CaOODSP)9.642478 |